Les homonymes dans la langue française - lettre J - Statistiques

Statistiques générales
  • Ce quiz a été pris 183 fois
  • Le résultat moyen est 11 sur 13
Statistiques - réponses
Mot Indice Homonyme % Correct
jais envoi jet
99%
jeûne récent jeune
94%
jumel identique jumelle
94%
(il) jurait promis juré
92%
(il) jouait enfant jouet
90%
(il) jardinait petit jardin jardinet
88%
jean alcool gin
87%
(vous) jardiniez il jardine jardinier
84%
(il) jetait port jetée
80%
(ils) jugulèrent gorge jugulaire
74%
jais oiseau geai
73%
(ils) jubilèrent relatif au jubilé jubilaire
61%
joue tyranie joug
54%
Aucun quiz correspondant
Distribution des résultats
% des personnes avec chaque résultat
Percentile par nombre de réponses
Votre historique - résultats
Vous n’avez pas pris ce quiz